हिन्दी अभिनवभारती, हिन्दी व्या-विश्वेश्वर, संपा नगेन्द्र अध्याय 1,2 और 6 (Record no. 310975)
[ view plain ]
| 000 -LEADER | |
|---|---|
| fixed length control field | 00871nam a2200229Ia 4500 |
| 003 - CONTROL NUMBER IDENTIFIER | |
| control field | OSt |
| 005 - DATE AND TIME OF LATEST TRANSACTION | |
| control field | 20220923212714.0 |
| 008 - FIXED-LENGTH DATA ELEMENTS--GENERAL INFORMATION | |
| fixed length control field | 220922b |||||||| |||| 00| 0 hin d |
| 037 ## - SOURCE OF ACQUISITION | |
| Terms of availability | Textual |
| 040 ## - CATALOGING SOURCE | |
| Original cataloging agency | ARTS |
| Transcribing agency | ARTS |
| Language of cataloging | hin |
| 041 ## - LANGUAGE CODE | |
| Source of code | hin |
| Language code of text/sound track or separate title | hin |
| 100 ## - MAIN ENTRY--PERSONAL NAME | |
| Personal name | गुप्त, अभिनव |
| 9 (RLIN) | 156290 |
| 245 #0 - TITLE STATEMENT | |
| Title | हिन्दी अभिनवभारती, हिन्दी व्या-विश्वेश्वर, संपा नगेन्द्र अध्याय 1,2 और 6 |
| 246 ## - VARYING FORM OF TITLE | |
| Title proper/short title | Hindī abhinavabhāratī, hindī vyā-vishveshvara, sanpā0 nagendra adhyāya 1,2 aur 6 |
| 260 ## - PUBLICATION, DISTRIBUTION, ETC. | |
| Date of publication, distribution, etc. | 1973 |
| 942 ## - ADDED ENTRY ELEMENTS (KOHA) | |
| Classification part | O15:9x1:1:3, 152L3(TTPH) |
| Koha item type | Textual |
| Source of classification or shelving scheme | Colon Classification (CC) |
| Withdrawn status | Lost status | Damaged status | Not for loan | Home library | Current library | Date acquired | Total Checkouts | Full call number | Barcode | Date last seen | Price effective from | Koha item type |
|---|---|---|---|---|---|---|---|---|---|---|---|---|
| Arts Library | Arts Library | 2022-09-23 | O15:9x1:1:3 152L3(TTPH) | AL0396547 | 2022-09-23 | 2022-09-23 | Textual |
